000 01322cam a2200433 i 4500
001 sjds1241739
003 sjds
005 20180620134520.0
008 160527s2017 nyua a 000 1 spa d
020 _a9781338114133 (board book)
020 _a1338114131 (board book)
035 _a1028465
035 _a(OCoLC)950955615
035 _a970324
035 _a(OCoLC)ocn950955615
035 _a1028465
035 _a1028465
040 _aBTCTA
_beng
_erda
_cBTCTA
_dBDX
_dLIV
_dIFA
049 _aIFAA
099 _f2017
999 _c20904
_d20904
999 _bESPANOL BOARD BOOKS CHURCH 2017
100 1 _aChurch, Caroline,
_eauthor.
245 1 0 _aTe amar? por siempre =
_bI will love you forever /
_cCaroline Jayne Church.
246 3 1 _aI will love you forever
260 _aNew York :
_bScholastic
_c[2017]
264 1 _aNew York :
_bScholastic
_c[2017]
300 _a1 volume (unpaged) :
_bcolor illustrations ;
_c22 cm
336 _atext
_btxt
_2rdacontent
337 _aunmediated
_bn
_2rdamedia
338 _avolume
_bnc
_2rdacarrier
500 _aOn board pages.
521 8 _aAD 430
_bLexile.
546 _aIn English and Spanish.
650 0 _aRomance fiction.
650 0 _aInfants
_vJuvenile fiction.
650 7 _aAmor
_vNovela juvenil.
_2bidex
650 7 _aNi?os lactantes
_vNovela juvenile.
_2bidex
942 _cBK